00837nam a2200205Ia 4500003000400000005001700004008004100021020001500062040000900077082001800086100004000104245006500144260004200209300000800251650004700259942004200306952013300348952013300481999001700614OSt20200709141525.0190216s9999||||xx |||||||||||||| ||und|| a0913321087 coclc a297.86bMUH/C aMuhammad, Maulana Hafiz Sher 92276 0aClear Evidence Re Ahmadiyyah /c Maulana Hafiz Sher Muhammad bMacmillan India Ltd,c1985.aNewyork: a86p 0aHistory & geographyvIslamic History92271 cBK2ddch297.86iMUH/Ck297.86mMUH/C 00102ddc40708ISLAMaMESbMEScISLd2019-02-20g10.00l0o297.86 MUH/Cp16730r2019-02-20 00:00:00t1w2019-02-20yBKzGL47R1 00102ddc40708ISLAMaMESbMEScISLd2019-02-20g10.00l0o297.86 MUH/Cp16731r2019-02-20 00:00:00t2w2019-02-20yBKzGL47R1 c22184d22184